Nová dimenzia logistiky v štvrtej priemyselnej revolúcii v podnikoch na Slovensku zborník vedeckých statí

Salvato in:
Dettagli Bibliografici
Ente Autore: Fakulta podnikového manažmentu EU. Katedra manažmentu výroby a logistiky - zrušená
Altri autori: Richnák, Patrik, 1988-, Szabo, Ľuboslav, Ljudvigová, Ivana
Natura: Libro
Lingua:slovacco
inglese
Pubblicazione: Bratislava Vydavateľstvo EKONÓM 2019
Edizione:1. vydanie
Soggetti:
Tags: Aggiungi Tag
Nessun Tag, puoi essere il primo ad aggiungerne!!

MARC

LEADER 00000nam a2200000 4500
001 0261411
005 20240502074145.1
020 |a 978-80-225-4649-2 
041 0 |a slo 
041 0 |a eng 
044 |a SK 
245 1 0 |a Nová dimenzia logistiky v štvrtej priemyselnej revolúcii v podnikoch na Slovensku  |b zborník vedeckých statí  |c redakčné a zostaviteľské práce: Patrik Richnák 
250 |a 1. vydanie 
264 1 |a Bratislava  |b Vydavateľstvo EKONÓM  |c 2019 
300 |a 114 s. [8,23 AH] 
610 2 0 |a logistika 
610 2 0 |a revolúcia priemyselná 
610 2 0 |a priemysel 4.0 
610 2 0 |a podnik 
610 2 0 |a automatizácia 
610 2 0 |a digitalizácia 
610 2 0 |a start-up 
700 1 |a Richnák, Patrik, 1988- 
700 1 |a Szabo, Ľuboslav 
700 1 |a Ljudvigová, Ivana 
710 2 |a Fakulta podnikového manažmentu EU. Katedra manažmentu výroby a logistiky - zrušená